00779 2200253 4500001002100000005001500021035002000036007000300056008004100059020002200100082001100122084001700133100003300150245011500183250001000298300003600308650001800344700003100362264004600393336002100439337003000460338002300490990001200513INLIS00000000000044420250812101841 a0010-0725000016ta250812 0 ind  a978-623-400-889-0 a155.25 a155.25 UMI i0 aUmi Nurul HabibahePengarang1 aIkhlas Paling Ikhlas :bPura-pura nggak capek padahal hatinya sedang nggak baik-baik saja /cUmi Nurul Habibah acet 1 ax, 310 halaman :bilus ;c19 cm 4aMotivasi Diri0 aHerman AdamsonePenyunting aYogyakarta :bAnak Hebat Indonesia,c2023 2rdacontentateks 2rdamediaatanpa perantara 2rdacarrieravolume a25.0373